Statistiques concernant Villes de France par lettres - Q / U / W / X / Y / Z (Carte Quiz)

Cliquez ici pour prendre le quiz!

Statistiques générales

  • Ce quiz a été pris 9 198 fois
    (7 979 depuis la dernière actualisation)
  • Le résultat moyen est 6 sur 16

Réponses sur la Carte

Les réponses sont colorées sur une échelle allant du rouge au vert en fonction du pourcentage des utilisateurs qui les ont devinées à leur premier essai. Vous pouvez retrouver ces pourcentages ci-dessous.
 

Statistiques - réponses

Réponse% Correct
Quimper
77%
Quiberon
68%
Wissembourg
59%
Quimperlé
55%
Wattrelos
49%
Woippy
45%
Uzès
44%
Zonza
42%
Urrugne
30%
Yerres
30%
Ussel
28%
Y
27%
Yvetôt
26%
Yssingeaux
24%
Yzeure
20%
Xertigny
18%

Distribution des résultats

Percentile par nombre de réponses

% des personnes avec chaque résultat

Votre développement - résultats

Vous n’avez pas pris ce quiz depuis la dernière actualisation